The Indian Contract Act/ (Record no. 83195)

MARC details
000 -LEADER
fixed length control field 00584nam a22001937a 4500
005 - DATE AND TIME OF LATEST TRANSACTION
control field 20140327163029.0
010 ## - LCCN (DPL NO)
LC control number B-529818
020 ## - INTERNATIONAL STANDARD BOOK NUMBER
Terms of availability 330.00
035 ## - SYSTEM CONTROL NUMBER
System control number B-529818
037 ## - SOURCE OF ACQUISITION
Stock number dpl
Source of stock number/acquisition UBH/Ven
082 ## - DEWEY DECIMAL CLASSIFICATION NUMBER
Classification number 346.5402
100 ## - MAIN ENTRY--PERSONAL NAME
Personal name Bangia, R.K.
245 ## - TITLE STATEMENT
Title The Indian Contract Act/
Statement of responsibility, etc by R.K.Bangia
260 ## - PUBLICATION, DISTRIBUTION, ETC. (IMPRINT)
Place of publication, distribution, etc Delhi
Name of publisher, distributor, etc Allahabad Law Agency
Date of publication, distribution, etc 2012
270 ## - ADDRESS
Address 1559, Outram Lines
City Delhi
Postal code 110009
300 ## - PHYSICAL DESCRIPTION
Extent 522p.
Dimensions 23cm(pbk)
942 ## - ADDED ENTRY ELEMENTS (KOHA)
Source of classification or shelving scheme Dewey Decimal Classification
Item type English Books
Classification part 346.5402
Call number suffix BAN
Holdings
Withdrawn status Lost status Not for loan Collection code Home library Current library Date acquired Source of acquisition Cost, normal purchase price Full call number Barcode Copy number Cost, replacement price Koha item type
      Non-fiction Patel Nagar Patel Nagar 27/03/2014 UBH/192/RP Patel Ngr/2.12.2013/28.02.2014 330.00 346.5402 BAN B-529818 1 330.00 English Books

© Delhi Public Library
Hit Counter
free hit counter